000 00516nam a2200193Ia 4500
005 20250206055909.0
008 240331s9999 xx 000 0 und d
020 _a97895583091806
082 _bSEN
_26609
_a305.4
100 _aSeneviratne, M
245 0 _aSome Women of the Mahawamsa and Chulawamsa:
_bFrom Sri Lanka's Storied Past
260 _aColombo
_bWimal Enterprises
_c2007
300 _a137 p.,
650 _aWomen
650 _aHistory
650 _aHistorical Women
650 _aBuddhism
942 _cL
999 _c5432
_d5432